000 00509nam a2200169Ia 4500
999 _c27293
_d27293
003 OSt
005 20201204120229.0
008 190216s9999||||xx |||||||||||||| ||und||
040 _coclc
082 _a894.8124
_bRAG/A
100 _aRaghavavarier, M R
_97206
245 0 _aAdiverukal /
_cM R Raghavavarier
260 _bCalicut University Publications,
_auniversity of calicut
_c1996.
300 _a105p
650 _aLekhanam
942 _cBK
_2ddc
_h894.8124
_iRAG/A
_k894.8124
_mRAG/A